000 00760nam a2200253 u 4500
005 20240831063802.0
008 141104s2004 ve r 000 0 spa d
020 _a9802572624 (10 dígitos)
020 _a9789802572625 (13 dígitos)
035 _aUPN01000200606
049 _aI
050 4 _aPZ71
_bM3.527 2004
100 1 _aMartínez, Rocío,
_d1966-
_935791
245 1 0 _aMatías y el color del cielo /
_cRocío Martínez.
250 _a2a ed.
260 _aCaracas :
_bEkaré,
_c2004.
300 _a[28] p. :
_bprincipalmente il. col.
440 3 _aEl jardín de los niños
650 4 _aCuentos infantiles españoles
_97725
650 2 _aColores
_vLiteratura infantil
_921262
905 _aInfantil
999 _c172707
_d172707